| 000 | 00647cam a22001814a 4500 | ||
|---|---|---|---|
| 005 | 20250605164345.0 | ||
| 008 | 250528s ||||||||||||||||||||||||d | ||
| 035 | _a23803 | ||
| 040 |
_aGR-AtMCL _bgre _dGR-AtMCL _eAACR2 |
||
| 245 | 1 | _aThe Power Discourse Analysis on Homosexuality and its Acceptance. | |
| 260 | _c2017 | ||
| 300 | _a64 | ||
| 520 | _aIntroduction, Methodology, Homosexuality and Acceptance, Coming out to the Family, Society Acceptance and Effects of Religion, Stereotypical Behaviors, Discussion, Reflexivity, References. | ||
| 700 | 1 |
_aPlatsa Christina Rafaela _99332 |
|
| 942 | _cDS | ||
| 999 |
_c8737 _d8737 |
||